Sure-fire answers (Record no. 80160)

MARC details
000 -LEADER
fixed length control field 00951cab a22002175a 4500
001 - CONTROL NUMBER
control field L143379
008 - FIXED-LENGTH DATA ELEMENTS--GENERAL INFORMATION
fixed length control field 080430e20080426xxk f 000 0 eng d
035 ## - SYSTEM CONTROL NUMBER
System control number (Sirsi) u143379
041 0# - LANGUAGE CODE
Language code of text/sound track or separate title eng
100 1# - MAIN ENTRY--PERSONAL NAME
Personal name Shepherd, Elizabeth
245 00 - TITLE STATEMENT
Title Sure-fire answers
260 ## - PUBLICATION, DISTRIBUTION, ETC.
Date of publication, distribution, etc. 2008
490 ## - SERIES STATEMENT
Series statement Estates Gazette
Volume/sequential designation (0816) 26 April 2008, 148-149(2)
520 ## - SUMMARY, ETC.
Summary, etc. Addresses ten common misconceptions about energy performance certificates (EPCs) for commercial property. Covers transitional provisions and specific enforcement dates. Sets out properties which are covered by the legislation and those which are exempt. Advises against failing to obtain an EPC and electing to accept the consequences instead.
590 ## - LOCAL NOTE (RLIN)
Local note KA
650 24 - SUBJECT ADDED ENTRY--TOPICAL TERM
Topical term or geographic name entry element COMMERCIAL ENERGY PERFORMANCE CERTIFICATES
651 #4 - SUBJECT ADDED ENTRY--GEOGRAPHIC NAME
Geographic name United Kingdom
Chronological subdivision
690 ## - LOCAL SUBJECT ADDED ENTRY--TOPICAL TERM (OCLC, RLIN)
Topical term or geographic name as entry element ENVIRONMENTAL AND LAND CONSULTANCY-ENERGY-ENERGY USE-ENERGY EFFICIENCY
700 1# - ADDED ENTRY--PERSONAL NAME
Personal name Williams, Peter J. G.
942 ## - ADDED ENTRY ELEMENTS (KOHA)
Suppress in OPAC 0
Holdings
Withdrawn status Lost status Source of classification or shelving scheme Damaged status Not for loan Home library Current library Shelving location Date acquired Total Checkouts Full call number Barcode Date last seen Copy number Price effective from Koha item type
    Dewey Decimal Classification     London London Journal article 30/04/2008   L143379 143379-1001 06/08/2019 1 06/08/2019 Journal article